00851 2200325 4500001002100000005001500021007000300036008004100039020002200080035002000102040001700122041000800139082000800147084001400155090001900169100002600188245004500214250001000259264003600269300003300305336002100338337003000359338002300389500002300412504002900435650001700464850001000481990001700491990001700508INLIS00000000000589520260423085311ta260423 0  a978-979-769-263-6 a0010-0322000139 aSBPUPADbInd0 aInd a340 a340 MOH p a340 MOH p 11-10 aMoh.MahfudePengarang1 aPolitik Hukum Di Indonesia /cMoh.Mahfud aCet 1 aJakarta :bRajawali Pers,c2010 ax,414 hal. :bIlus. ;c24 cm 2rdacontentaTeks 2rdamediaaTanpa Perantara 2rdacarrieravolume aIndeks,hlm 407-413 abibliografi, hlm 383-405 4aPoltik HUkum aPUPAD a12939/H/2010 a12940/H/2010